000 00604nam a2200181Ia 4500
003 OSt
005 20240321143536.0
008 210210b1934 xxu||||| |||| 00| 0 eng d
040 _cAL
041 _akan
082 _a859/1620
100 _aLAKSHMINARASIMHA SHASTRI
_dಲಕ್ಷ್ಮೀ ನರಸಿಂಹ ಶಾಸ್ತ್ರಿ
_9154824
245 _aShakespeare nataka kathegalu
_bಷೇಕ್ಸ್‌ಪಿಯರ್ ನಾಟಕ ಕಥೆಗಳು
260 _aBengaluru
_bKarnataka Prakashakara Parishattu
_c1934
690 _aKannada Fiction
_9154828
906 _a022344
942 _2ddc
_cBK
999 _c146674
_d146674